000 00346 a2200169 4500
001 162775
020 _a978-85-89598-48-4
040 _cMagnum
100 _aFurnari, Eva
240 1 0 _aVocĂȘ troca?
_lpor
245 1 0 _aVocĂȘ troca?
300 _a24
362 0 _a2013
440 1 _aRoda Viva
697 _aLITERATURA INFANTIL
942 _cBK
999 _c162775
_d162775